000 00411nam a22001697a 4500
003 MPLRDC
005 20220104125034.0
008 210129b ||||| |||| 00| 0 eng d
082 _a857.9 SML-16 v.3
100 _a司马翎
245 _a檀车侠影. 三
_c
260 _a
_b毅力出版社
_c
300 _b
490 _a司马翎小说专辑
650 _a武侠小说
942 _cBK
_o857.9 SML-16 v.3
999 _c24154
_d24144